000 00301nam a22001337a 4500
008 170830b xxu||||| |||| 00| 0 eng d
020 _a069704257-X
041 _aeng
080 _27TH
_a070
100 _a39
101 _aMED
245 _aFUNDAMENTALS OF VOICE DICTION
_cMAYER,L.V
942 _2udc
_cBK
999 _c25495
_d25495